[Event "FIDE Open World Blitz 2021"]
[Site "Warsaw"]
[Date "2021.12.30"]
[Round "17.9"]
[White "Parligras, Mircea-Emilian"]
[Black "Gabuzyan, Hovhannes"]
[Result "1/2-1/2"]
[WhiteElo "2576"]
[BlackElo "2580"]
[Annotator "ChessBase"]
[PlyCount "153"]
[EventDate "2021.12.29"]
[EventType "swiss"]
[EventCountry "POL"]
[Tiebreak "Cut1 Buchholz"]
[SourceTitle "playchess.com"]
[Source "ChessBase"]
[SourceQuality "1"]

1. d4 Nf6 2. c4 c5 3. d5 g6 4. Nc3 Bg7 5. e4 d6 6. h3 O-O 7. Nf3 e6 8. Bd3 exd5
9. cxd5 b5 10. Nxb5 Nxe4 11. Bxe4 Re8 12. O-O Rxe4 13. Bg5 Qd7 14. Nc3 Re8 15.
Qd2 Bb7 16. Rfe1 Na6 17. Bh6 Bh8 18. Rxe8+ Rxe8 19. Re1 Nc7 20. Rxe8+ Qxe8 21.
h4 Qa8 22. Qf4 Nxd5 23. Nxd5 Bxd5 24. Qxd6 Bxf3 25. gxf3 Bxb2 26. Qxc5 a6 27.
a4 Bg7 28. Bxg7 Kxg7 29. Kg2 h5 30. a5 Qb7 31. Qe5+ Kh7 32. Qf6 Kg8 33. Qd8+
Kg7 34. Qd4+ Kf8 35. Qd8+ Kg7 36. Qd4+ Kh7 37. Qf6 Qa7 38. Qb6 Qa8 39. Qf6 Kg8
40. Qd6 Qc8 41. Qf6 Qc4 42. Qg5 Qe6 43. Qd8+ Kg7 44. Qd4+ Qf6 45. Qb6 g5 46.
hxg5 Qxg5+ 47. Kh2 Qf6 48. Kg2 Kg6 49. Kg3 Kg5 50. Qc5+ Qf5 51. Qe7+ Kg6 52.
Qd6+ Qe6 53. Qb6 Kf5 54. Kg2 Qg6+ 55. Kh3 Ke5 56. Qc5+ Kf4 57. Qe3+ Kf5 58.
Qe4+ Kg5 59. Qe3+ Kf6 60. Qd4+ Ke7 61. Qc5+ Qd6 62. Qxh5 Qe6+ 63. Kg3 Kd7 64.
Qc5 Qd6+ 65. Qxd6+ Kxd6 66. Kf4 Kc5 67. Ke5 Kb5 68. Kd5 Kxa5 69. Kc5 Ka4 70.
Kc4 a5 71. f4 Ka3 72. Kc3 a4 73. f5 Ka2 74. Kc2 a3 75. f6 Ka1 76. Kc1 a2 77. f3
1/2-1/2

[Event "FIDE Open World Blitz 2021"]
[Site "Warsaw"]
[Date "2021.12.30"]
[Round "17.10"]
[White "Firouzja, Alireza"]
[Black "Muradli, Mahammad"]
[Result "1-0"]
[WhiteElo "2770"]
[BlackElo "2571"]
[Annotator "TA"]
[PlyCount "81"]
[EventDate "2021.12.29"]
[EventType "swiss"]
[EventCountry "POL"]
[Tiebreak "Cut1 Buchholz"]
[SourceTitle "playchess.com"]
[Source "ChessBase"]
[SourceQuality "1"]

1. e4 c5 2. Nf3 d6 3. d4 cxd4 4. Nxd4 Nf6 5. Nc3 a6 6. a4 e5 7. Nf3 Be7 8. Bg5
Be6 9. Bxf6 Bxf6 10. Nd5 Nd7 11. Bc4 O-O 12. a5 Rc8 13. Qe2 Be7 14. O-O Nf6 15.
Rfd1 Nxd5 16. Bxd5 Qc7 17. c3 Rb8 18. Ne1 b6 19. axb6 Qxb6 20. b4 Qb5 21. Qa2
Bxd5 22. Rxd5 Qc6 23. Qb3 Rfc8 24. Ra3 a5 25. b5 Qb6 26. Nd3 Rc7 27. Nb2 Rbc8
28. c4 g6 29. g3 Kg7 30. Qc3 Ra7 31. Na4 Qb8 32. b6 Rb7 33. Rb3 Bd8 34. Rdb5
Kg8 35. Qd3 Kg7 36. Qd5 Kg8 37. Kg2 Kg7 38. c5 dxc5 39. Nxc5 Re7 40. b7 Rxc5
41. Rxc5 1-0

[Event "FIDE Open World Blitz 2021"]
[Site "Warsaw"]
[Date "2021.12.30"]
[Round "17.10"]
[White "Mikhalevski, Victor"]
[Black "Kozak, Adam"]
[Result "1-0"]
[WhiteElo "2577"]
[BlackElo "2532"]
[Annotator "ChessBase"]
[PlyCount "81"]
[EventDate "2021.12.29"]
[EventType "swiss"]
[EventCountry "POL"]
[Tiebreak "Cut1 Buchholz"]
[SourceTitle "playchess.com"]
[Source "ChessBase"]
[SourceQuality "1"]

1. d4 Nf6 2. c4 e6 3. Nf3 b6 4. g3 Bb7 5. Bg2 Bb4+ 6. Nbd2 O-O 7. O-O Bxd2 8.
Qxd2 d6 9. b3 Nbd7 10. Bb2 Qe7 11. Rac1 Ne4 12. Qc2 f5 13. d5 a5 14. Nd4 exd5
15. cxd5 Ndc5 16. Nc6 Bxc6 17. dxc6 Qf7 18. Rfd1 Rae8 19. e3 h6 20. Bd4 Kh7 21.
Rb1 Qh5 22. h4 g5 23. hxg5 hxg5 24. a3 Qg6 25. b4 axb4 26. axb4 Ne6 27. Bb2 g4
28. Ra1 N6g5 29. Qe2 Qh5 30. Ra7 Rf7 31. Rd5 Nf3+ 32. Kf1 Neg5 33. Qd1 Qh2 34.
Bxf3 gxf3 35. Ke1 Ne4 36. Qxf3 Ng5 37. Qf4 Qh5 38. Rxf5 Nf3+ 39. Qxf3 Qxf3 40.
Rxf3 Rxf3 41. Rxc7+ 1-0

[Event "FIDE Open World Blitz 2021"]
[Site "Warsaw"]
[Date "2021.12.30"]
[Round "17.11"]
[White "Mamedyarov, Shakhriyar"]
[Black "Piorun, Kacper"]
[Result "1-0"]
[WhiteElo "2765"]
[BlackElo "2634"]
[Annotator "ChessBase"]
[PlyCount "53"]
[EventDate "2021.12.29"]
[EventType "swiss"]
[EventCountry "POL"]
[Tiebreak "Cut1 Buchholz"]
[SourceTitle "playchess.com"]
[Source "ChessBase"]
[SourceQuality "1"]

1. d4 Nf6 2. Bg5 e6 3. e4 h6 4. Bxf6 Qxf6 5. Nc3 Bb4 6. Qd3 d5 7. O-O-O Bxc3 8.
Qxc3 Qf4+ 9. Kb1 dxe4 10. f3 O-O 11. fxe4 Qxe4 12. Bd3 Qc6 13. Qe1 e5 14. Nf3
Nd7 15. Rf1 f5 16. dxe5 Nc5 17. Bc4+ Be6 18. Nd4 Qb6 19. Bxe6+ Nxe6 20. Nxf5
Rf7 21. Qg3 Kh7 22. Qd3 Kh8 23. Nh4 Rxf1 24. Rxf1 Rd8 25. Qf5 Kg8 26. Ng6 Nd4
27. Qf7+ 1-0

[Event "FIDE Open World Blitz 2021"]
[Site "Warsaw"]
[Date "2021.12.30"]
[Round "17.11"]
[White "Dvirnyy, Danyyil"]
[Black "Teclaf, Pawel"]
[Result "0-1"]
[WhiteElo "2493"]
[BlackElo "2543"]
[Annotator "ChessBase"]
[PlyCount "136"]
[EventDate "2021.12.29"]
[EventType "swiss"]
[EventCountry "POL"]
[Tiebreak "Cut1 Buchholz"]
[SourceTitle "playchess.com"]
[Source "ChessBase"]
[SourceQuality "1"]

1. d4 e6 2. e4 d5 3. Nd2 Be7 4. Ngf3 Nf6 5. e5 Nfd7 6. c3 c5 7. Bd3 Nc6 8. O-O
h5 9. Re1 g5 10. dxc5 g4 11. Nd4 Ndxe5 12. N2b3 Bd7 13. Bf4 Nxd3 14. Qxd3 Nxd4
15. Nxd4 Bxc5 16. b4 Be7 17. Be5 Bf6 18. Qe3 Rg8 19. Qh6 Rg6 20. Qh7 Bxe5 21.
Rxe5 Qf6 22. Rae1 O-O-O 23. Rxh5 Qf4 24. g3 Qd2 25. Re3 Rf6 26. Re2 Qd1+ 27.
Kg2 Bb5 28. Rhe5 Bxe2 29. Rxe2 Qc1 30. Qg7 Qh6 31. Qxg4 Rh8 32. Nf3 Kb8 33. h4
Ka8 34. a4 Rg6 35. Qd4 Qg7 36. Qxg7 Rxg7 37. Ng5 Rc8 38. Re3 Kb8 39. f4 Kc7 40.
h5 Rh8 41. g4 Kd7 42. Kg3 b6 43. Nf3 f6 44. Kh4 Rf7 45. g5 fxg5+ 46. fxg5 Rf4+
47. Kg3 Re4 48. Rxe4 dxe4 49. Ne5+ Ke8 50. Kg4 e3 51. g6 e2 52. Nf3 Rf8 53. g7
Rg8 54. h6 Kf7 55. Kf4 Kg6 56. Ke3 Kxh6 57. Kxe2 Kxg7 58. Nd4 Kf6 59. Kd3 Rc8
60. Nb5 a6 61. Nd4 Ke5 62. Nb3 Kd5 63. a5 b5 64. Nd2 e5 65. Ne4 Rc6 66. Nd2 Rh6
67. c4+ bxc4+ 68. Nxc4 e4+ 0-1

[Event "FIDE Open World Blitz 2021"]
[Site "Warsaw"]
[Date "2021.12.30"]
[Round "17.12"]
[White "Sarana, Alexey"]
[Black "Sargsyan, Shant"]
[Result "0-1"]
[WhiteElo "2656"]
[BlackElo "2628"]
[Annotator "ChessBase"]
[PlyCount "104"]
[EventDate "2021.12.29"]
[EventType "swiss"]
[EventCountry "POL"]
[Tiebreak "Cut1 Buchholz"]
[SourceTitle "playchess.com"]
[Source "ChessBase"]
[SourceQuality "1"]

1. d4 Nf6 2. c4 e6 3. Nc3 Bb4 4. e3 O-O 5. Bd3 d5 6. a3 Bxc3+ 7. bxc3 dxc4 8.
Bxc4 c5 9. Ne2 Qc7 10. Bd3 b6 11. e4 Ba6 12. Bg5 Bxd3 13. Qxd3 Nbd7 14. O-O h6
15. Bh4 Rac8 16. e5 Nh7 17. f4 cxd4 18. cxd4 Qc2 19. Qe3 b5 20. Rfc1 Qf5 21. d5
exd5 22. Qxa7 Rc4 23. Rd1 Nxe5 24. Nd4 Qxf4 25. Bg3 Qe3+ 26. Bf2 Qg5 27. Nxb5
Nf6 28. Qe3 Qh5 29. Bg3 Ne4 30. Nd6 Ng4 31. Qf4 Nxg3 32. Qxg3 Rc3 33. Qxc3
Qxh2+ 34. Kf1 Qh1+ 35. Ke2 Qxg2+ 36. Kd3 Qg3+ 37. Kc2 Qxd6 38. Qd4 Rc8+ 39. Kb2
Ne5 40. Ra2 Nc4+ 41. Ka1 Nxa3 42. Rg1 g6 43. Re1 Nb5 44. Qb2 Nc3 45. Ra7 d4 46.
Qb7 Rf8 47. Re8 Kg7 48. Rxf8 Qxf8 49. Qd7 Kh7 50. Qxd4 Qg7 51. Qd7 Nb5+ 52. Kb1
Nxa7 0-1

[Event "FIDE Open World Blitz 2021"]
[Site "Warsaw"]
[Date "2021.12.30"]
[Round "17.12"]
[White "Schneider, Ilja"]
[Black "Nasuta, Grzegorz"]
[Result "0-1"]
[WhiteElo "2486"]
[BlackElo "2377"]
[Annotator "ChessBase"]
[PlyCount "114"]
[EventDate "2021.12.29"]
[EventType "swiss"]
[EventCountry "POL"]
[Tiebreak "Cut1 Buchholz"]
[SourceTitle "playchess.com"]
[Source "ChessBase"]
[SourceQuality "1"]

1. e4 e5 2. Nf3 Nc6 3. Bb5 a6 4. Ba4 Nf6 5. O-O Be7 6. Re1 b5 7. Bb3 d6 8. a4
Bg4 9. c3 O-O 10. h3 Bd7 11. d4 h6 12. Nbd2 Re8 13. Nf1 Bf8 14. Ng3 Na5 15. Bc2
c5 16. d5 c4 17. Be3 Qc7 18. Nh2 Nb7 19. Qf3 Be7 20. Nf5 Bxf5 21. Qxf5 Nc5 22.
g4 Rab8 23. axb5 axb5 24. h4 b4 25. g5 hxg5 26. hxg5 g6 27. Qf3 Nh5 28. Ng4 b3
29. Nh6+ Kh8 30. Qxf7 Rg8 31. Bd1 Rg7 32. Qf3 Nd3 33. Ra7 Nxe1 34. Qh3 Qc8 35.
Bg4 Qe8 36. Bxh5 gxh5 37. Nf5 Rh7 38. Kf1 Nd3 39. g6 Qxg6 40. Nxe7 Qf6 41. Ke2
Rxe7 42. Qxh5+ Kg8 43. Rxe7 Qxe7 44. Qg6+ Qg7 45. Qxd6 Rf8 46. Qe6+ Rf7 47. d6
Qf6 48. Qg4+ Rg7 49. Qc8+ Kh7 50. d7 Rg8 51. Qxc4 Nf4+ 52. Bxf4 exf4 53. Qd5
f3+ 54. Kd3 Rd8 55. e5 Qf5+ 56. Ke3 Rxd7 57. Qxf3 Rd3+ 0-1

[Event "FIDE Open World Blitz 2021"]
[Site "Warsaw"]
[Date "2021.12.30"]
[Round "17.13"]
[White "Kobalia, Mikhail"]
[Black "Svane, Rasmus"]
[Result "0-1"]
[WhiteElo "2600"]
[BlackElo "2628"]
[Annotator "ChessBase"]
[PlyCount "118"]
[EventDate "2021.12.29"]
[EventType "swiss"]
[EventCountry "POL"]
[Tiebreak "Cut1 Buchholz"]
[SourceTitle "playchess.com"]
[Source "ChessBase"]
[SourceQuality "1"]

1. e4 c6 2. d4 d5 3. exd5 cxd5 4. Bd3 Nc6 5. c3 Nf6 6. h3 e5 7. dxe5 Nxe5 8.
Nf3 Nxd3+ 9. Qxd3 Bd6 10. O-O O-O 11. Nbd2 Re8 12. Nb3 h6 13. Rd1 Bc7 14. Be3
Qd6 15. Bc5 Qf4 16. Be3 Qd6 17. Bc5 Qf4 18. Be3 Qd6 19. Nbd4 a6 20. Nf5 Qe6 21.
N5d4 Qe7 22. Nf5 Qe4 23. N5d4 Bd7 24. Qd2 Qg6 25. Nh4 Qh5 26. Nhf3 Bxh3 27.
gxh3 Qxh3 28. Bf4 Ne4 29. Bxc7 Nxd2 30. Rxd2 Re4 31. Bg3 Rae8 32. Nc2 Re2 33.
Rxe2 Rxe2 34. Nfd4 Re4 35. Nf3 Qg4 36. Kg2 Re2 37. Ne3 Qe4 38. Nf1 g5 39. N1h2
g4 40. Nxg4 Qxg4 41. Rd1 Qe4 42. Rd4 Qe6 43. Rf4 Rxb2 44. Nd4 Qd7 45. Nf5 Qe6
46. Rg4+ Kh7 47. Rf4 Rxa2 48. Nd4 Qg6 49. Nf3 f6 50. Nh4 Qf7 51. Nf5 Re2 52.
Rg4 Re4 53. Bf4 h5 54. Rh4 Qg6+ 55. Ng3 Kg8 56. Kf3 Rc4 57. Nxh5 Rxc3+ 58. Be3
d4 59. Rxd4 Qxh5+ 0-1

[Event "FIDE Open World Blitz 2021"]
[Site "Warsaw"]
[Date "2021.12.30"]
[Round "17.13"]
[White "Postny, Evgeny"]
[Black "Sankalp, Gupta"]
[Result "1-0"]
[WhiteElo "2557"]
[BlackElo "2323"]
[Annotator "ChessBase"]
[PlyCount "65"]
[EventDate "2021.12.29"]
[EventType "swiss"]
[EventCountry "POL"]
[Tiebreak "Cut1 Buchholz"]
[SourceTitle "playchess.com"]
[Source "ChessBase"]
[SourceQuality "1"]

1. d4 Nf6 2. c4 e6 3. Nf3 d5 4. g3 dxc4 5. Bg2 a6 6. O-O Nc6 7. Bg5 Rb8 8. e3
Be7 9. Nfd2 e5 10. Bxf6 Bxf6 11. d5 Ne7 12. Nxc4 b5 13. Na5 c5 14. Nc6 Nxc6 15.
dxc6 Qxd1 16. Rxd1 Ke7 17. Nc3 Be6 18. Nd5+ Bxd5 19. Rxd5 Rhc8 20. Rd7+ Ke8 21.
Bd5 Be7 22. a4 bxa4 23. Rxa4 Rb6 24. Rb7 Rbxc6 25. Bxc6+ Rxc6 26. Ra7 Rb6 27.
R4xa6 Rxb2 28. Rc6 Bd8 29. Rxc5 Rd2 30. Rxe5+ Kf8 31. Re4 Rd1+ 32. Kg2 Rc1 33.
Ra8 1-0

[Event "FIDE Open World Blitz 2021"]
[Site "Warsaw"]
[Date "2021.12.30"]
[Round "17.14"]
[White "Van Foreest, Jorden"]
[Black "Petrosian, Tigran L."]
[Result "0-1"]
[WhiteElo "2566"]
[BlackElo "2602"]
[Annotator "ChessBase"]
[PlyCount "140"]
[EventDate "2021.12.29"]
[EventType "swiss"]
[EventCountry "POL"]
[Tiebreak "Cut1 Buchholz"]
[SourceTitle "playchess.com"]
[Source "ChessBase"]
[SourceQuality "1"]

1. e4 g6 2. d4 Bg7 3. Nf3 d6 4. Be3 Nf6 5. Nc3 c6 6. h3 O-O 7. a4 Nbd7 8. Bc4
Nxe4 9. Nxe4 d5 10. Bd3 dxe4 11. Bxe4 Nf6 12. Bd3 c5 13. dxc5 Nd5 14. Bc1 Qa5+
15. Qd2 Qxc5 16. O-O Rd8 17. Qg5 h6 18. Qh4 Qb4 19. Qg3 Qd6 20. Qxd6 Rxd6 21.
Re1 Be6 22. Be4 Rad8 23. c3 Bf5 24. Bxf5 gxf5 25. Be3 Nxe3 26. Rxe3 e6 27. Kf1
Rb6 28. Re2 Bf6 29. Rc2 e5 30. Nd2 Rc6 31. g4 Rd3 32. gxf5 Rxh3 33. Kg2 Rh5 34.
Rh1 Rg5+ 35. Kf1 Kh7 36. Ne4 Rxf5 37. Ke2 Rf4 38. f3 Bg7 39. Rd2 f5 40. Ng3 e4
41. Nh5 Rxf3 42. Nxg7 Kxg7 43. Rd7+ Kg6 44. Rxb7 Rb6 45. Rg1+ Kf6 46. Rgg7 Ke5
47. a5 Rxb7 48. Rxb7 Rh3 49. a6 Rh2+ 50. Kd1 f4 51. b4 f3 52. Rxa7 Ra2 53. Re7+
Kf4 54. Rf7+ Ke3 55. b5 f2 56. Kc1 h5 57. Kb1 Ra5 58. c4 h4 59. Kc2 h3 60. b6
Ra2+ 61. Kc3 Ra3+ 62. Kb4 Rxa6 63. c5 h2 64. Kb5 h1=Q 65. Kxa6 f1=Q+ 66. Rxf1
Qxf1+ 67. Kb7 Qf7+ 68. Kc6 Qe6+ 69. Kc7 Qe7+ 70. Kc6 Kd4 0-1

[Event "FIDE Open World Blitz 2021"]
[Site "Warsaw"]
[Date "2021.12.30"]
[Round "17.14"]
[White "Peng, Li Min"]
[Black "Van Foreest, Lucas"]
[Result "0-1"]
[WhiteElo "2412"]
[BlackElo "2532"]
[Annotator "ChessBase"]
[PlyCount "66"]
[EventDate "2021.12.29"]
[EventType "swiss"]
[EventCountry "POL"]
[Tiebreak "Cut1 Buchholz"]
[SourceTitle "playchess.com"]
[Source "ChessBase"]
[SourceQuality "1"]

1. Nf3 d5 2. c4 e6 3. g3 Nf6 4. Bg2 Be7 5. O-O O-O 6. b3 d4 7. e3 c5 8. exd4
cxd4 9. Re1 Nc6 10. Bb2 Re8 11. Ne5 Nxe5 12. Rxe5 Bd6 13. Re1 e5 14. d3 Qc7 15.
Ba3 Rb8 16. Bxd6 Qxd6 17. Nd2 Bf5 18. Qc2 b6 19. a3 a5 20. Ne4 Bxe4 21. Bxe4
Nxe4 22. Rxe4 Re7 23. Re2 h6 24. Qb2 b5 25. Rc1 bxc4 26. Rxc4 Reb7 27. Qd2 Rxb3
28. Qxa5 R3b5 29. Qc7 Rb1+ 30. Kg2 Qd5+ 31. Kh3 Qf3 32. Qxe5 R1b5 33. Qe4 Rh5+
0-1

[Event "FIDE Open World Blitz 2021"]
[Site "Warsaw"]
[Date "2021.12.30"]
[Round "17.15"]
[White "Tang, Andrew"]
[Black "Sindarov, Javokhir"]
[Result "0-1"]
[WhiteElo "2588"]
[BlackElo "2587"]
[Annotator "ChessBase"]
[PlyCount "74"]
[EventDate "2021.12.29"]
[EventType "swiss"]
[EventCountry "POL"]
[Tiebreak "Cut1 Buchholz"]
[SourceTitle "playchess.com"]
[Source "ChessBase"]
[SourceQuality "1"]

1. d4 Nf6 2. c4 g6 3. f3 d5 4. cxd5 Nxd5 5. e4 Nb6 6. Nc3 Bg7 7. Be3 O-O 8. Qd2
Nc6 9. O-O-O f5 10. h4 fxe4 11. fxe4 Nxd4 12. Nf3 e5 13. Nxd4 exd4 14. Bxd4 Bg4
15. Be2 Qxd4 16. Qxd4 Bxd4 17. Bxg4 Be5 18. Bf3 c6 19. Kc2 Nc4 20. Rd7 Rf7 21.
Rxf7 Kxf7 22. Re1 Rd8 23. Re2 b5 24. h5 a5 25. hxg6+ hxg6 26. Rf2 Ke7 27. Nd1
a4 28. b3 Na3+ 29. Kc1 axb3 30. axb3 Rd3 31. Ra2 Rxb3 32. Kd2 b4 33. Nf2 Bf4+
34. Ke2 Nb5 35. Ra6 Nd4+ 36. Kf1 Rb1+ 37. Bd1 Be3 0-1

[Event "FIDE Open World Blitz 2021"]
[Site "Warsaw"]
[Date "2021.12.30"]
[Round "17.15"]
[White "Yuffa, Daniil"]
[Black "Petrovskyi, Vadym"]
[Result "0-1"]
[WhiteElo "2567"]
[BlackElo "2377"]
[Annotator "ChessBase"]
[PlyCount "86"]
[EventDate "2021.12.29"]
[EventType "swiss"]
[EventCountry "POL"]
[Tiebreak "Cut1 Buchholz"]
[SourceTitle "playchess.com"]
[Source "ChessBase"]
[SourceQuality "1"]

1. d4 Nf6 2. c4 g6 3. Nc3 Bg7 4. e4 d6 5. Nf3 O-O 6. Be2 e5 7. O-O Nc6 8. d5
Ne7 9. b4 a5 10. bxa5 Rxa5 11. a4 b6 12. Nd2 Nd7 13. Nb3 Ra8 14. a5 f5 15. axb6
Nxb6 16. Rxa8 Nxa8 17. c5 Kh8 18. f3 dxc5 19. Be3 c4 20. Bxc4 Nb6 21. Be2 Bd7
22. Nc5 Nbc8 23. Qb3 Nd6 24. Ne6 Bxe6 25. dxe6 Nc6 26. Nd5 Re8 27. Rc1 Nd4 28.
Bxd4 exd4 29. e7 Qd7 30. Rxc7 Qe6 31. Bd3 fxe4 32. fxe4 Nxe4 33. Qb5 Nd6 34.
Qc6 Qe1+ 35. Bf1 d3 36. Qc5 d2 37. Ne3 Nf5 38. Rc8 Nd6 39. Qxd6 Qxe3+ 40. Kh1
Bd4 41. Rxe8+ Kg7 42. Rg8+ Kh6 43. e8=Q Qg1# 0-1

[Event "FIDE Open World Blitz 2021"]
[Site "Warsaw"]
[Date "2021.12.30"]
[Round "17.16"]
[White "Oparin, Grigoriy"]
[Black "Gukesh D"]
[Result "1-0"]
[WhiteElo "2580"]
[BlackElo "2621"]
[Annotator "ChessBase"]
[PlyCount "125"]
[EventDate "2021.12.29"]
[EventType "swiss"]
[EventCountry "POL"]
[Tiebreak "Cut1 Buchholz"]
[SourceTitle "playchess.com"]
[Source "ChessBase"]
[SourceQuality "1"]

1. Nf3 d5 2. g3 g6 3. Bg2 Bg7 4. O-O e5 5. d3 Ne7 6. c4 dxc4 7. dxc4 O-O 8. Nc3
Nbc6 9. e4 Bg4 10. h3 Bxf3 11. Bxf3 Nd4 12. Bg2 c6 13. Be3 Qb6 14. Na4 Qc7 15.
Bxd4 exd4 16. Nc5 Rad8 17. Nd3 Nc8 18. Qd2 Nd6 19. b3 Rfe8 20. Rae1 b5 21. c5
Nb7 22. f4 Bf8 23. Rc1 a5 24. e5 f5 25. exf6 Re3 26. Rf3 Rde8 27. Ne5 R8xe5 28.
fxe5 Qxe5 29. f7+ Kg7 30. Rxe3 dxe3 31. Qc3 Qxc3 32. Rxc3 Bxc5 33. Kf1 Kxf7 34.
Bxc6 Bb4 35. Rxe3 Nd6 36. Bd5+ Kf6 37. Bc6 Bc5 38. Rd3 b4 39. Kg2 Nf5 40. g4
Nd4 41. Bd5 g5 42. Rd1 Ke5 43. Bc4 h6 44. Rf1 Ke4 45. Rf6 Nc2 46. Bg8 Ne3+ 47.
Kh1 Bd4 48. Rxh6 Kf4 49. Rd6 Be5 50. Ra6 Kg3 51. Rxa5 Bf4 52. Kg1 Kxh3 53. Kf2
Nxg4+ 54. Kf3 Nh2+ 55. Ke4 Bc1 56. Be6+ Kh4 57. a4 bxa3 58. b4 Bd2 59. Ra4 g4
60. Kd3 g3 61. Bd5 a2 62. Kxd2 Nf1+ 63. Ke2 1-0

[Event "FIDE Open World Blitz 2021"]
[Site "Warsaw"]
[Date "2021.12.30"]
[Round "17.16"]
[White "Costachi, Mihnea"]
[Black "Theodorou, Nikolas"]
[Result "0-1"]
[WhiteElo "2463"]
[BlackElo "2351"]
[Annotator "ChessBase"]
[PlyCount "112"]
[EventDate "2021.12.29"]
[EventType "swiss"]
[EventCountry "POL"]
[Tiebreak "Cut1 Buchholz"]
[SourceTitle "playchess.com"]
[Source "ChessBase"]
[SourceQuality "1"]

1. d4 Nf6 2. c4 g6 3. Nc3 Bg7 4. e4 d6 5. Be2 O-O 6. Bg5 c6 7. Qd2 d5 8. cxd5
cxd5 9. Bxf6 exf6 10. exd5 Re8 11. Nf3 b5 12. a3 a6 13. O-O Bb7 14. Rfe1 Nd7
15. Bd1 Rxe1+ 16. Qxe1 Nb6 17. Bb3 Nxd5 18. Nxd5 Bxd5 19. Bxd5 Qxd5 20. Rc1 f5
21. h3 Bf6 22. Qc3 Rd8 23. Rd1 Kg7 24. Qe3 h6 25. Qc3 Rd6 26. Qe3 g5 27. Qd3 g4
28. hxg4 fxg4 29. Nh2 Qxd4 30. Qxd4 Rxd4 31. Rc1 Rc4 32. Rb1 h5 33. Nf1 Rc2 34.
b4 Bd4 35. Ne3 Bxe3 36. fxe3 Rc3 37. Kf2 Rxa3 38. Rd1 Kg6 39. Rd6+ f6 40. Rd5
h4 41. e4 Ra2+ 42. Kf1 g3 43. e5 Rf2+ 44. Kg1 Re2 45. Kf1 Rxe5 46. Rd4 Kg5 47.
Rd6 Re4 48. Rxa6 Rxb4 49. Ra1 Rb2 50. Kg1 b4 51. Rc1 f5 52. Rd1 b3 53. Kf1 Rf2+
54. Kg1 b2 55. Kh1 Rc2 56. Kg1 Rc1 0-1

[Event "FIDE Open World Blitz 2021"]
[Site "Warsaw"]
[Date "2021.12.30"]
[Round "17.17"]
[White "Michalik, Peter"]
[Black "Karjakin, Sergey"]
[Result "1-0"]
[WhiteElo "2605"]
[BlackElo "2743"]
[Annotator "ChessBase"]
[PlyCount "145"]
[EventDate "2021.12.29"]
[EventType "swiss"]
[EventCountry "POL"]
[Tiebreak "Cut1 Buchholz"]
[SourceTitle "playchess.com"]
[Source "ChessBase"]
[SourceQuality "1"]

1. e4 e5 2. Nf3 Nc6 3. Bb5 a6 4. Ba4 Nf6 5. O-O Be7 6. Re1 b5 7. Bb3 O-O 8. c3
Na5 9. Nxe5 Nxb3 10. axb3 Bb7 11. d3 d5 12. exd5 Nxd5 13. d4 f6 14. Nd3 Re8 15.
Nd2 Bf8 16. Nf1 Rxe1 17. Qxe1 Qd7 18. Nf4 Re8 19. Qd1 Qf5 20. Nxd5 Qxd5 21. f3
c5 22. Be3 cxd4 23. Bxd4 h5 24. h4 Qe6 25. Bf2 Qf7 26. Qc2 Bd6 27. Re1 Rxe1 28.
Bxe1 Bd5 29. b4 Be6 30. Bg3 Bf8 31. Ne3 Qd7 32. Bf2 Bf7 33. Nf5 Kh8 34. Nd4 Kg8
35. Qe4 Bd5 36. Qe1 Bd6 37. Bg3 Bf8 38. Kh2 Bf7 39. Qe4 Bd5 40. Qf4 Kh7 41. Qe3
Bf7 42. Qe4+ Bg6 43. Qf4 Qd5 44. Qd2 Qc4 45. Ne2 Bf7 46. Nf4 Qc8 47. Qd3+ Kg8
48. Ng6 Qe8 49. Nxf8 Qxf8 50. Qd7 Qe8 51. Qb7 Qe6 52. Qb8+ Kh7 53. Qc7 Bg6 54.
Bd6 Kg8 55. Qd8+ Kh7 56. Qb6 Bd3 57. Qxa6 Bf1 58. Qc6 Qb3 59. Qe4+ Kg8 60. Qe1
Bc4 61. Qe8+ Kh7 62. Qxh5+ Kg8 63. Qe8+ Kh7 64. Qe4+ Kg8 65. Bc5 Qxb2 66. Bd4
Qd2 67. Qe8+ Kh7 68. Qh5+ Kg8 69. Qg4 Kf7 70. h5 Be6 71. Qg6+ Kf8 72. Bc5+ Kg8
73. Qe8+ 1-0

[Event "FIDE Open World Blitz 2021"]
[Site "Warsaw"]
[Date "2021.12.30"]
[Round "17.17"]
[White "Dragnev, Valentin"]
[Black "Babazada, Khazar"]
[Result "0-1"]
[WhiteElo "2396"]
[BlackElo "2302"]
[Annotator "NA"]
[PlyCount "82"]
[EventDate "2021.12.29"]
[EventType "swiss"]
[EventCountry "POL"]
[Tiebreak "Cut1 Buchholz"]
[SourceTitle "playchess.com"]
[Source "ChessBase"]
[SourceQuality "1"]

1. e4 Nf6 2. e5 Nd5 3. d4 d6 4. c4 Nb6 5. f4 dxe5 6. fxe5 Bf5 7. Nc3 e6 8. Nf3
Be7 9. Be2 f6 10. exf6 Bxf6 11. Be3 O-O 12. O-O Nc6 13. Kh1 Qe8 14. Qd2 Rd8 15.
Rad1 Kh8 16. Qc1 Qg6 17. Bg1 a6 18. Rfe1 Nc8 19. Bf1 Nd6 20. d5 exd5 21. Nxd5
Bg4 22. Be2 Nf5 23. Nxf6 Qxf6 24. Qf4 Bh5 25. Rxd8 Qxd8 26. Bc5 Nd6 27. Qc1 Qf6
28. Rf1 Qe7 29. Qd1 Rd8 30. b3 Re8 31. Bd3 Ne5 32. Be2 Nd7 33. Bxd6 cxd6 34.
Rf2 Nf6 35. Nd4 Ne4 36. Rf1 Nc3 37. Bxh5 Nxd1 38. Bxe8 Ne3 39. Rf3 Ng4 40. Ne6
Nf6 41. Rf1 Qxe6 0-1

[Event "FIDE Open World Blitz 2021"]
[Site "Warsaw"]
[Date "2021.12.30"]
[Round "17.18"]
[White "Petrosyan, Manuel"]
[Black "Asadli, Vugar"]
[Result "1-0"]
[WhiteElo "2599"]
[BlackElo "2386"]
[Annotator "ChessBase"]
[PlyCount "161"]
[EventDate "2021.12.29"]
[EventType "swiss"]
[EventCountry "POL"]
[Tiebreak "Cut1 Buchholz"]
[SourceTitle "playchess.com"]
[Source "ChessBase"]
[SourceQuality "1"]

1. d4 d6 2. Nf3 Bg4 3. c4 Bxf3 4. exf3 g6 5. f4 Bg7 6. g3 e6 7. Bg2 c6 8. O-O
Ne7 9. Be3 d5 10. Nd2 O-O 11. c5 b6 12. b4 Nd7 13. Nf3 Nf6 14. Ne5 Ne4 15. Qc2
Rc8 16. Bxe4 dxe4 17. Qxe4 Nd5 18. a3 b5 19. Bd2 f6 20. Nf3 Qd7 21. Rfe1 Kf7
22. a4 a6 23. axb5 axb5 24. Ra7 Rc7 25. Ra6 Rb8 26. h4 h5 27. Rea1 Rbb7 28. Ne1
Ra7 29. Nd3 Rxa6 30. Rxa6 Ra7 31. Ra5 Bf8 32. Qe1 Be7 33. Qa1 Rb7 34. Ra8 Kg7
35. Qa6 Qc7 36. Nc1 Qd7 37. Nb3 Rc7 38. Na5 f5 39. Rb8 Bf6 40. Qa8 Ne7 41. Rd8
Rc8 42. Rxd7 Rxa8 43. Nxc6 Kf8 44. Nxe7 Bxe7 45. d5 exd5 46. Rxd5 Rd8 47. Rxd8+
Bxd8 48. Kf1 Ke7 49. Ke2 Ke6 50. Kd3 Kd5 51. Bc3 Be7 52. Be5 Bf8 53. f3 Be7 54.
Bd4 Bd8 55. Bc3 Be7 56. Bb2 Bd8 57. Ba1 Be7 58. Be5 Bd8 59. Bh8 Be7 60. Bg7 Bd8
61. Be5 Be7 62. Bc3 Bd8 63. Be1 Be7 64. Ke2 Bf6 65. Kf1 Bg7 66. Kg2 Bf6 67. g4
Be7 68. g5 Bd8 69. Kf2 Bc7 70. Ke3 Bb8 71. Bd2 Bc7 72. Kd3 Bb8 73. Be3 Bc7 74.
Bc1 Bb8 75. Ke3 Bc7 76. Bb2 Bd8 77. Kd3 Bc7 78. Be5 Bd8 79. Bd6 Kc6 80. Kd4 Kd7
81. Kd5 1-0

[Event "FIDE Open World Blitz 2021"]
[Site "Warsaw"]
[Date "2021.12.30"]
[Round "17.18"]
[White "Kosakowski, Jakub"]
[Black "Gumularz, Szymon"]
[Result "1-0"]
[WhiteElo "2340"]
[BlackElo "2396"]
[Annotator "NA"]
[PlyCount "61"]
[EventDate "2021.12.29"]
[EventType "swiss"]
[EventCountry "POL"]
[Tiebreak "Cut1 Buchholz"]
[SourceTitle "playchess.com"]
[Source "ChessBase"]
[SourceQuality "1"]

1. e4 d6 2. d4 Nf6 3. Nc3 c6 4. f4 Qb6 5. e5 Nd5 6. Nf3 Bg4 7. Be2 e6 8. Ne4
dxe5 9. fxe5 Bf5 10. Ng3 Bg6 11. c4 Bb4+ 12. Kf2 Nc3 13. bxc3 Bxc3 14. Ba3 Bxa1
15. Qxa1 Nd7 16. Bd6 c5 17. dxc5 Nxc5 18. Qd4 Nd3+ 19. Ke3 Qxd4+ 20. Nxd4 Nb2
21. Ne4 Na4 22. c5 Bxe4 23. Kxe4 Nc3+ 24. Kd3 Nxe2 25. Kxe2 O-O-O 26. Rb1 f6
27. c6 bxc6 28. Rb8+ Kd7 29. Rb7+ Ke8 30. Re7+ Kf8 31. Nxe6+ 1-0